| 000 | 005800000a22001810004500 | ||
|---|---|---|---|
| 003 | MACL | ||
| 005 | 20160120155506.0 | ||
| 008 | 160120b xxu||||| |||| 00| 0 eng d | ||
| 040 |
_aMACL _cMACL |
||
| 041 | _aHindi | ||
| 082 | _a001/SAH | ||
| 100 |
_aप्रतियोगिता साहित्य सीरीज _933703 |
||
| 245 | _aसामान्य ज्ञान | ||
| 260 |
_bसाहित्य भवन पब्लिकेशन्स _c2002 _aआगरा |
||
| 350 | _a16 | ||
| 650 |
_aGeneralities _91354 |
||
| 942 |
_cHIN _k001/SHA _2ddc |
||
| 999 |
_c30646 _d30646 |
||